000 00233 a2200097 4500
001 13541
100 _aHovet T
245 _aBloc politics in the united nations
260 _aLondon
_bOxford university press
_c
090 _c10544
_d10544
942 _aNUST-CAE
_cM
_c608
999 _c248614
_d248614